UITU Library & LRC     

Five-Minute Activities for Business English (Record no. 12230)

MARC details
000 -LEADER
fixed length control field 00518nam a2200181Ia 4500
008 - FIXED-LENGTH DATA ELEMENTS--GENERAL INFORMATION
fixed length control field 240925s9999 xx 000 0 und d
020 ## - INTERNATIONAL STANDARD BOOK NUMBER
International Standard Book Number 978052154713
082 ## - DEWEY DECIMAL CLASSIFICATION NUMBER
Classification number 808.066665 EMM
100 ## - MAIN ENTRY--PERSONAL NAME
Personal name Emmerson, Paul; Hamilton, Nick
245 #0 - TITLE STATEMENT
Title Five-Minute Activities for Business English
250 ## - EDITION STATEMENT
Edition statement NA
260 ## - PUBLICATION, DISTRIBUTION, ETC.
Place of publication, distribution, etc. Cambridge:
Name of publisher, distributor, etc. Cambridge Universty press
Date of publication, distribution, etc. ,2005.
300 ## - PHYSICAL DESCRIPTION
Extent xx,402p.
Other physical details N.A
Type of unit Original
500 ## - GENERAL NOTE
General note Includes Index
600 ## - SUBJECT ADDED ENTRY--PERSONAL NAME
Personal name Humanities & Natural Science
650 ## - SUBJECT ADDED ENTRY--TOPICAL TERM
Topical term or geographic name entry element Literature
942 ## - ADDED ENTRY ELEMENTS (KOHA)
Koha item type Books
Holdings
Withdrawn status Lost status Damaged status Not for loan Collection Home library Current library Date acquired Source of acquisition Cost, normal purchase price Total checkouts Full call number Barcode Date last seen Price effective from Koha item type
        Humanities & Basic Sciences UITU Library UITU Library 04/25/2013 Fair Book Center 250.00   808.066665 EMM Q9731 09/25/2024 09/25/2024 Books

Powered by Koha